El problema y el método de la ciencia del Derecho Penal
Kaydedildi:
| Yazar: | |
|---|---|
| Materyal Türü: | Kitap |
| Dil: | İspanyolca |
| Baskı/Yayın Bilgisi: |
Bogotá
Temis
1986
|
| Edisyon: | 3a. ed |
| Seri Bilgileri: | Monografías Jurídicas, 3
|
| Konular: | |
| Etiketler: |
Etiketle
Etiket eklenmemiş, İlk siz ekleyin!
|
MARC
| LEADER | 00000cam a2200000 a 4500 | ||
|---|---|---|---|
| 001 | UCC4779 | ||
| 003 | CL-VaPUC | ||
| 008 | 180824e19860000ck |||||||||||||||||spa|d | ||
| 020 | |a 8472820554 | ||
| 082 | 0 | 4 | |a 345 |b ROC |2 21 |
| 100 | 0 | |a Rocco, Arturo |e author |9 598971 | |
| 245 | 1 | 3 | |a El problema y el método de la ciencia del Derecho Penal |
| 250 | |a 3a. ed | ||
| 300 | |a 87 p | ||
| 942 | |c BK | ||
| 945 | |d 20180824 13:39:00 |a dcastane | ||
| 260 | |a Bogotá |b Temis |c 1986 | ||
| 650 | 7 | |a DERECHO PENAL |2 CL-VaPUC |9 11 | |
| 650 | 7 | |a CIENCIA PENAL |2 CL-VaPUC |9 390874 | |
| 583 | |a last modification |c 20180824 13:39:00 |k Rodrigo Vera | ||
| 490 | 0 | |a Monografías Jurídicas, 3 | |
| 999 | |c 372188 |d 372186 | ||
| 952 | |0 0 |1 0 |2 ddc |3 erb |4 0 |6 345_000000000000000_ROC_1986 |7 0 |8 A |9 489470 |a BIBDER |b BIBDER |e Mateluna Arestizabal, Alfredo Sergio |i 5489385 |o 345 ROC 1986 |p 5489385 |r 2023-01-25 |w 2019-11-24 |y MX |z Catalogado en:20180824 |k DER | ||